01430 a2200229 4500003000500000005001700005010001600022020001500038040000900053082001600062100003300078245008800111260003000199300002800229440004100257505067900298650004000977700002801017942001201045999001901057952012401076Nust20230315121748.0 a 93031074 a0531111660 cNust00a500.954,GRE1 aGregory, Sir Richard911030710aExperimental Science for Indian Schools /cSir Richard Gregory, Bart and F W Hodges a LondonbMacmillancc1946 a479 p. :bill ;c24 cm. 3aAn experimental science book9110308 aMeasurement of Space and Time (Page-1), Mass, Weight and Density (Page-31), Physical Properties and States of Matter (Page-41), Liquid Pressure (Page-57), Pressure of the Atmosphere (Page-73), Propagation Through Air (Page-95), Motion, Force, Gravity, Work and Power (Page-101), Parallel Forces (Page-119), Effects of Heat (Page-137), Quantity of Heat (Page-159), Transference of Heat (Page-195), Light (Page-217), Magnetism and Current Electricity (Page-245), Static Electricity (Page-281), Introductory Chemistry (Page-295), Burning and Rusting (Page-305), The Chief Gases of the Air (Page-323), Water (Page-341), Sulphur (Page-355), Carbon and Coal Combustion (Page-363). 0a Experimenting with science91103091 aCollins, Betty.9110310 2ddccBK c179697d179697 00102ddc4070aMCSbMCScGENd2016-12-12o500.954,GREpMCS6018r2016-12-08w2016-12-12yBKzAlmirah No.74, Shelf No.4